Flags of the British Colonies #1 - Statistics

General Stats
  • This quiz has been taken 134 times
    82 since last reset
  • The average score is 7 of 16
Answer Stats
Picture Answer % Correct
Australia
99%
New Zealand
73%
Canada
72%
Territory of Papua
72%
British India
65%
British Nigeria
45%
Malta
42%
Uganda
35%
Jamaica
30%
Seychelles
30%
Cyprus
28%
Kenya
27%
Singapore
27%
British Ceylon
25%
Samoa Trust Territory
13%
Trinidad & Tobago
10%
No matching quizzes found
Score Distribution
Percent of People with Each Score
Percentile by Number Answered
Your Score History
You have not taken this quiz since the last reset